Adaptación del currículo al contexto y al aula : respuesta educativa en las Cuevas de Guadix /

Proyecto curricular elaborado por el Colegio Padre Poveda, institución localizada en la Barriada de las Cuevas de la localidad granadina de Guadix, España, que atiende población escolar desde el nivel infantil -preescolar en México- hasta el primer ciclo de secundaria. Los autores y las coordinadora...

Descripción completa

Guardado en:
Detalles Bibliográficos
Autor principal: Muzás, María Dolores (coord.)
Otros autores: Blanchard, Mercedes (coordinación) (coordinación), Sandín, María Teresa (coordinación) (coordinación)
Formato: Libro
Idioma:Español
Publicado: Madrid, España : Narcea, 2000, c2000
Colección:(Educación Hoy Narcea)
Temas:
Etiquetas: Agrega una etiqueta
Sin etiquetas, Sé el primero en etiquetar este registro!

MARC

LEADER 00000nam^a2200000^a^4500
001 000187686
005 20250521000000.0
009 20260526130526.147
020 |a 84-277-1306-1 
037 |a Acervo ITESO - Biblioteca 
041 |a ESP 
082 |a 375. 001  |b MUZ 
100 |a Muzás, María Dolores  |e (coord.) 
245 1 0 |a Adaptación del currículo al contexto y al aula :  |b respuesta educativa en las Cuevas de Guadix /  |c Coord. de M.D. Muzás, M. Blanchard, M.T. Sandín ; pról. de José Luis Hernández Pérez. 
264 4 |a Madrid, España :  |b Narcea,  |c 2000, c2000 
300 |a 202 p. 
336 |a texto  |b txt  |2 rdacontenido 
337 |a sin mediación  |b n  |2 rdamedio 
338 |a volumen  |b nc  |2 rdasoporte 
440 1 |a (Educación Hoy Narcea) 
520 |a Proyecto curricular elaborado por el Colegio Padre Poveda, institución localizada en la Barriada de las Cuevas de la localidad granadina de Guadix, España, que atiende población escolar desde el nivel infantil -preescolar en México- hasta el primer ciclo de secundaria. Los autores y las coordinadoras de la publicación no la presentan, sin embargo, como un testimonio o un documento histórico sobre el devenir de la institución, sino como una propuesta educativa que prueba la posibilidad de adaptar los distintos elementos curriculares con atención a la diversidad cultural y es transferible a otros centros escolares y contextos socioeducativos. 
649 |a XX 
650 |a Diseño y Revisión Curricular 
650 |a Evaluación del Currículo 
650 |a Currículo 
650 |a Evaluación Educativa 
650 |a Proceso Educativo 
650 |a Diversidad Cultural -  |z Guadix, España 
650 |a Diversidad Cultural -  |z Granada, España 
650 |a Diversidad Cultural -  |z España 
650 |a Instituciones Educativas -  |z Guadix, España 
650 |a Instituciones Educativas -  |z Granada, España 
650 |a Instituciones Educativas -  |z España 
650 |a Educación -  |z Guadix, España 
650 |a Educación -  |z Granada, España 
650 |a Educación -  |z España 
700 |a Blanchard, Mercedes  |e (coordinación) 
700 |a Sandín, María Teresa  |e (coordinación) 
910 |a Fondo General 
920 |a Impresos - Libros 
930 |a Colección General 
905 |a 101 
901 |a 0500130001  |b IT1  |c ACC  |u 20250521 
902 |a https://opac.biblio.iteso.mx/vufind/Record/000187686